| 000 | 00449nam a2200181Ia 4500 | ||
|---|---|---|---|
| 001 | 3305 | ||
| 005 | 20260306145633.0 | ||
| 008 | 260306t2009||||xx |||||||||||||| ||spa|| | ||
| 041 | _aESP | ||
| 082 |
_a269 _bF75 |
||
| 100 |
_aForment Giralt, Eudaldo _eAUT |
||
| 245 | 0 |
_aSanto Tomás de Aquino: _bsu vida, su obra y su época |
|
| 260 | _c2009 | ||
| 300 |
_a738 páginas : _c23 cm. |
||
| 650 | _aGEN | ||
| 654 | _aCHU | ||
| 942 |
_cLIB _dJUS _fJUS _2ddc _n |
||
| 999 |
_c3305 _d3305 |
||